header

Responsible research (Record no. 62982)

MARC details
000 -LEADER
fixed length control field 01533nam a2200349Ia 4500
082 04 - DEWEY DECIMAL CLASSIFICATION NUMBER
Classification number 174/.28
245 00 - TITLE STATEMENT
Title Responsible research
260 ## - PUBLICATION, DISTRIBUTION, ETC. (IMPRINT)
Place of publication Washington, D.C. :
Name of publisher National Academies Press,
Year of publication c2003.
300 ## - PHYSICAL DESCRIPTION
Number of Pages xix, 290 p. :
Other physical details ill.
650 #0 - SUBJECT ADDED ENTRY--TOPICAL TERM
Topical Term Human experimentation in medicine
Topical Term Medical ethics.
Topical Term Medical protocols.
Topical Term Patients
700 1# - ADDED ENTRY--PERSONAL NAME
Personal name Federman, Daniel D.,
Personal name Hanna, Kathi E.
Personal name Rodriguez, Laura Lyman.
856 40 - ELECTRONIC LOCATION AND ACCESS
Uniform Resource Identifier http://site.ebrary.com/lib/rucke/Doc?id=10032340

No items available.

© 2026 Rongo University
Contact us: librarian | system librarian | Rongo university